000 01176nam a2200301Ia 4500
003 OSt
005 20221005110324.0
006 a|||||r|||| 00| 0
007 ta
008 221004b |||||||| |||| 00| 0 hin d
020 _a9789326352499 (hbk)
_cIndian Rupees 620
024 _a44195
037 _bGift, 07/06/2019,
_cTextual
040 _aCRL
_cCRL
_bhin
041 _2hin
_ahin
082 _aO152,1N36x, Q5
100 _aवाजपेयी, कैलाश, संपा.
245 0 _aकेदारनाथ अग्रवाल संचयन
246 _aKedāranāth agravāl sanchayana
250 _aसंसकरण 2
260 _aनई दिल्ली
_bदिल्ल भारतीय ज्ञानपीठ भारत
_c2015
300 _a471पृ0
_ccm.
490 _aलोकोदय ग्रन्थमाला; ग्रन्थांक 1220
650 _a हिन्दी साहित्य
650 _aहिन्दी कविता
942 _hO152,1N36x, Q5
_cTEXL
_2cc
999 _c1018450
_d1018450